000 00386nam a2200145Ia 4500
008 230917s9999||||xx |||||||||||||| ||und||
040 _e86049
_aMAIN
041 _aEnglish
082 _a709.54 R796A
100 _aRowland, Benjamin
245 4 _aThe art and architecture of India : Buddhist, Hindu and Jain
260 _aU S A
_bPenguin
_c1971
300 _axxi, 314 p.
942 _cBK
999 _c186859
_d186859